000 00338 a2200169 4500
001 189880
020 _a85-16-03962-5
040 _cMagnum
100 _aAlencar, José de
240 1 0 _aA viuvinha
_lpor
245 1 0 _aA viuvinha
300 _a62
362 0 _a2004
440 1 _aModerna
697 _aLITERATURA GERAL
942 _cBK
999 _c189880
_d189880